[Event "Uljanovsk Volga op"]
[Site "Uljanovsk"]
[Date "2016.01.09"]
[Round "9"]
[White "Uryadov, Sergey S"]
[Black "Olisov, Andrey"]
[Result "0-1"]
[WhiteElo "1950"]
[BlackElo "2153"]
[PlyCount "76"]
[EventDate "2016.01.05"]
[EventType "swiss"]
[EventRounds "9"]
[EventCountry "RUS"]
[SourceTitle "CBM 170 Extra"]
[Source "ChessBase"]
[SourceDate "2016.02.25"]
[SourceVersion "1"]
[SourceVersionDate "2016.02.25"]
[SourceQuality "1"]

1. d4 g6 2. Nf3 Bg7 3. Bf4 c5 4. e3 Qb6 5. Nc3 cxd4 6. exd4 Nf6 7. Na4 Qa5+ 8. c3 b5 9. Nc5 d6 10. Nd3 0-0 11. Be2 Nc6 12. b4 Qc7 13. a4 bxa4 14. Qxa4 Nd5 15. Bd2 e5 16. Qb3 Nb6 17. dxe5 dxe5 18. Nc5 a5 19. 0-0 axb4 20. Rxa8 Nxa8 21. cxb4 Nd4 22. Nxd4 exd4 23. Bf3 Nb6 24. Re1 Nd7 25. Nxd7 Bxd7 26. Bd5 Bb5 27. Rc1 Qe7 28. Bc4 Bxc4 29. Qxc4 h5 30. Kf1 Rb8 31. Qc5 Qe4 32. Qc7 Qd3+ 33. Kg1 Re8 34. Qc6 Re6 35. Qc8+ Kh7 36. Qc2 Qxc2 37. Rxc2 Re2 38. Kf1 d3 0-1

[Event "Uljanovsk Volga op"]
[Site "Uljanovsk"]
[Date "2016.01.07"]
[Round "5"]
[White "Olisov, Andrey"]
[Black "Saveliev, Dmitri"]
[Result "1-0"]
[WhiteElo "2153"]
[BlackElo "2166"]
[PlyCount "73"]
[EventDate "2016.01.05"]
[EventType "swiss"]
[EventRounds "9"]
[EventCountry "RUS"]
[SourceTitle "CBM 170 Extra"]
[Source "ChessBase"]
[SourceDate "2016.02.25"]
[SourceVersion "1"]
[SourceVersionDate "2016.02.25"]
[SourceQuality "1"]

1. e4 c5 2. a3 d5 3. exd5 Qxd5 4. Nc3 Qd8 5. Nf3 Nf6 6. b4 e6 7. Rb1 Be7 8. bxc5 Bxc5 9. d4 Be7 10. Bb5+ Nbd7 11. 0-0 0-0 12. a4 Qc7 13. Ne2 a6 14. Bd3 e5 15. dxe5 Nxe5 16. Nxe5 Qxe5 17. Ng3 Bc5 18. Bb2 Qg5 19. Bxf6 gxf6 20. Ne4 Qe5 21. Nxc5 Qxc5 22. Qf3 Qg5 23. Rb4 Be6 24. Rxb7 Bd5 25. Qh3 h5 26. Rb6 Rfb8 27. Rxb8+ Rxb8 28. f4 Qg7 29. Bxa6 Rb4 30. Rd1 f5 31. Rxd5 Qa1+ 32. Bf1 Rxf4 33. Rd8+ Kg7 34. Qg3+ Rg4 35. Qb8 Kh7 36. h3 Rg6 37. Qf4 1-0

[Event "Uljanovsk Student op"]
[Site "Uljanovsk"]
[Date "2014.04.06"]
[Round "9"]
[White "Olisov, Andrey"]
[Black "Tsai, Roman"]
[Result "1-0"]
[WhiteElo "2157"]
[BlackElo "1832"]
[PlyCount "91"]
[EventDate "2014.03.22"]
[EventType "swiss"]
[EventRounds "9"]
[EventCountry "RUS"]
[SourceTitle "EXT 2016"]
[Source "ChessBase"]
[SourceDate "2015.10.08"]
[SourceVersion "1"]
[SourceVersionDate "2015.10.08"]
[SourceQuality "1"]

1. e4 c5 2. d3 Nc6 3. g3 g6 4. Bg2 Bg7 5. Nd2 d6 6. Ngf3 Nf6 7. 0-0 0-0 8. c3 Ng4 9. h3 Nge5 10. Ne1 f5 11. exf5 Bxf5 12. Qb3+ Kh8 13. Qxb7 Rb8 14. Qa6 Rb6 15. Qa4 Qd7 16. g4 Be6 17. f4 Nf7 18. Nc4 Bxc4 19. Qxc4 e6 20. Nc2 Na5 21. Qe4 d5 22. Qe2 d4 23. c4 Rd8 24. Na3 Nd6 25. b3 Rf8 26. Bd2 Nc6 27. Nc2 a5 28. Bxc6 Qxc6 29. Bxa5 Ra6 30. Bd2 Rfa8 31. a4 Qb7 32. Ra3 Rb6 33. Qg2 Qc8 34. b4 cxb4 35. Bxb4 Rba6 36. Bxd6 Rxd6 37. Qe4 Rda6 38. Rfa1 Qd7 39. a5 Qc7 40. Nb4 Rxa5 41. Qxa8+ Rxa8 42. Rxa8+ Bf8 43. Rxf8+ Kg7 44. Raa8 Qb6 45. Rfb8 Qd6 46. g5 1-0

[Event "Uljanovsk Student op"]
[Site "Uljanovsk"]
[Date "2014.03.23"]
[Round "3"]
[White "Olisov, Andrey"]
[Black "Shukurov, Eldar"]
[Result "1-0"]
[WhiteElo "2157"]
[BlackElo "1790"]
[PlyCount "65"]
[EventDate "2014.03.22"]
[EventType "swiss"]
[EventRounds "9"]
[EventCountry "RUS"]
[SourceTitle "EXT 2016"]
[Source "ChessBase"]
[SourceDate "2015.10.08"]
[SourceVersion "1"]
[SourceVersionDate "2015.10.08"]
[SourceQuality "1"]

1. e4 c5 2. c3 e6 3. d4 d5 4. e5 cxd4 5. cxd4 Nc6 6. Nf3 h6 7. a3 a6 8. Bd3 b5 9. 0-0 Bd7 10. Nc3 Nge7 11. Be3 Na5 12. Ne2 Nc4 13. Bc1 Nc6 14. b3 Nb6 15. Nf4 Be7 16. Be3 h5 17. Nd2 h4 18. Qg4 g5 19. Nh3 f5 20. exf6 Bxf6 21. Bg6+ Kf8 22. Nxg5 Qe7 23. Ndf3 e5 24. Bf5 e4 25. Bxd7 Qxd7 26. Qf4 Kg7 27. Nxh4 Ne7 28. Qg3 Rag8 29. Nxe4+ Kf7 30. Nxf6 Kxf6 31. Qe5+ Kf7 32. Bg5 Rg7 33. Bxe7 1-0

[Event "Uljanovsk Povolje op"]
[Site "Uljanovsk"]
[Date "2013.08.27"]
[Round "6"]
[White "Olisov, Andrey"]
[Black "Alavkin, Arseny Nailievich"]
[Result "1/2-1/2"]
[WhiteElo "2144"]
[BlackElo "2406"]
[PlyCount "63"]
[EventDate "2013.08.24"]
[EventType "swiss"]
[EventRounds "9"]
[EventCountry "RUS"]
[SourceTitle "CBM 156 Extra"]
[Source "ChessBase"]
[SourceDate "2013.10.22"]
[SourceVersion "1"]
[SourceVersionDate "2013.10.22"]
[SourceQuality "1"]

1. e4 e6 2. d4 d5 3. e5 c5 4. c3 Nc6 5. Nf3 Qb6 6. a3 Nh6 7. b4 cxd4 8. cxd4 Nf5 9. Bb2 Bd7 10. g4 Nfe7 11. Nc3 h5 12. Na4 Qd8 13. Nc5 Bc8 14. g5 Ng6 15. Rc1 h4 16. Rg1 Be7 17. h3 a5 18. b5 Nb8 19. a4 Nd7 20. Nxd7 Bxd7 21. Qb3 Bb4+ 22. Kd1 Ne7 23. Bd3 Nf5 24. Ke2 0-0 25. Rg4 g6 26. Rgg1 Kg7 27. Nh2 Be7 28. Bxf5 exf5 29. f4 Be6 30. Nf3 Qb6 31. Ba3 Bb4 32. Kd3 1/2-1/2

[Event "Uljanovsk-ch U26 op"]
[Site "Uljanovsk"]
[Date "2013.03.30"]
[Round "4"]
[White "Olisov, Andrey"]
[Black "Arslanov, Ildar"]
[Result "1/2-1/2"]
[WhiteElo "2149"]
[BlackElo "2138"]
[PlyCount "86"]
[EventDate "2013.03.23"]
[EventType "swiss"]
[EventRounds "9"]
[EventCountry "RUS"]
[SourceTitle "EXT 2014"]
[Source "ChessBase"]
[SourceDate "2013.11.20"]
[SourceVersion "1"]
[SourceVersionDate "2013.11.20"]
[SourceQuality "1"]

1. e4 c5 2. c3 Nf6 3. e5 Nd5 4. d4 cxd4 5. cxd4 e6 6. Nc3 Nxc3 7. bxc3 Qc7 8. Bd2 Nc6 9. Bd3 Na5 10. Qe2 d5 11. exd6 Bxd6 12. Nf3 Be7 13. 0-0 0-0 14. c4 Rd8 15. Rfd1 Bf6 16. Qe4 g6 17. Bf4 Qe7 18. Rac1 Nc6 19. d5 exd5 20. cxd5 Bf5 21. Qxe7 Nxe7 22. Bxf5 gxf5 23. d6 Ng6 24. Be3 f4 25. Bc5 Rac8 26. Ba3 b5 27. Kf1 a5 28. Rxc8 Rxc8 29. d7 Rd8 30. Bc5 Nf8 31. Bb6 Rxd7 32. Rxd7 Nxd7 33. Bxa5 Nc5 34. Ke2 Kg7 35. Nd2 Kg6 36. Bb4 Na6 37. Bd6 Kf5 38. f3 Be5 39. Ne4 f6 40. Kd1 Ke6 41. Ba3 Nc7 42. Bc1 Kd5 43. Kc2 Ne6 1/2-1/2

[Event "Uljanovsk-ch U26 op"]
[Site "Uljanovsk"]
[Date "2013.03.23"]
[Round "1"]
[White "Zubov, Anton"]
[Black "Olisov, Andrey"]
[Result "0-1"]
[WhiteElo "1537"]
[BlackElo "2149"]
[PlyCount "80"]
[EventDate "2013.03.23"]
[EventType "swiss"]
[EventRounds "9"]
[EventCountry "RUS"]
[SourceTitle "EXT 2014"]
[Source "ChessBase"]
[SourceDate "2013.11.20"]
[SourceVersion "1"]
[SourceVersionDate "2013.11.20"]
[SourceQuality "1"]

1. c4 g6 2. d4 Nf6 3. Nf3 Bg7 4. Nc3 0-0 5. e4 d6 6. Bd3 Nbd7 7. 0-0 e5 8. d5 Nh5 9. Ne2 h6 10. Ng3 Nf4 11. Bxf4 exf4 12. Ne2 Bxb2 13. Rb1 Be5 14. Qd2 Qf6 15. Nxe5 dxe5 16. f3 Nc5 17. Bc2 g5 18. g4 fxg3 19. hxg3 h5 20. Kg2 Kg7 21. Rh1 Rh8 22. Ng1 b6 23. Qe2 h4 24. g4 Qe7 25. Nh3 f6 26. Rhd1 Rd8 27. Qe3 Bd7 28. Qa3 Kf7 29. Qb4 Nb7 30. Qxe7+ Kxe7 31. Bb3 a6 32. Rdc1 Rdb8 33. Rc3 Nc5 34. Ra1 c6 35. a4 cxd5 36. exd5 Kd6 37. Kf2 b5 38. axb5 axb5 39. Rxa8 Rxa8 40. cxb5 Ra3 0-1

[Event "RUS-ch U26"]
[Site "Uljanovsk"]
[Date "2012.09.22"]
[Round "6"]
[White "Olisov, Andrey"]
[Black "Sharafiev, Azat"]
[Result "0-1"]
[WhiteElo "2187"]
[BlackElo "2414"]
[PlyCount "70"]
[EventDate "2012.09.17"]
[EventType "swiss"]
[EventRounds "9"]
[EventCountry "RUS"]
[SourceTitle "CBM 150 Extra"]
[Source "ChessBase"]
[SourceDate "2012.10.19"]
[SourceVersion "1"]
[SourceVersionDate "2012.10.19"]
[SourceQuality "1"]

1. b3 e5 2. Bb2 Nc6 3. e3 Nf6 4. Bb5 e4 5. d3 a6 6. Bxc6 dxc6 7. Ne2 Bf5 8. Ng3 Bg6 9. dxe4 Qxd1+ 10. Kxd1 0-0-0+ 11. Nd2 Ng4 12. Rf1 Nxh2 13. Re1 h5 14. Ke2 h4 15. Ngf1 Nxf1 16. Rxf1 h3 17. g4 Bb4 18. c3 Bd6 19. Rh1 h2 20. f3 Rh3 21. Raf1 f6 22. Rf2 b5 23. Nf1 a5 24. Bc1 a4 25. bxa4 bxa4 26. a3 Bf7 27. Nd2 g5 28. Bb2 Bg3 29. Rff1 Be5 30. Rf2 Be6 31. Ba1 Rh7 32. f4 Bxg4+ 33. Ke1 Rd3 34. Rfxh2 Rxh2 35. Rxh2 Rxe3+ 0-1

[Event "Ulstudents-ch op"]
[Site "Russia"]
[Date "2012.04.08"]
[Round "9"]
[White "Olisov, Andrey"]
[Black "Beldyugin, Alexey"]
[Result "1/2-1/2"]
[WhiteElo "2175"]
[BlackElo "2047"]
[PlyCount "23"]
[EventDate "2012.03.24"]
[EventType "swiss"]
[EventRounds "9"]
[EventCountry "RUS"]
[SourceTitle "EXT 2014"]
[Source "ChessBase"]
[SourceDate "2013.11.20"]
[SourceVersion "1"]
[SourceVersionDate "2013.11.20"]
[SourceQuality "1"]

1. e4 d6 2. d4 e5 3. dxe5 dxe5 4. Qxd8+ Kxd8 5. Bc4 f6 6. Nc3 c6 7. f4 Bd6 8. f5 Nd7 9. Be3 Kc7 10. g4 Bc5 11. Kf2 h5 12. Bxg8 1/2-1/2

[Event "Ulstudents-ch op"]
[Site "Russia"]
[Date "2012.04.07"]
[Round "7"]
[White "Saveliev, Dmitri"]
[Black "Olisov, Andrey"]
[Result "1-0"]
[WhiteElo "2093"]
[BlackElo "2175"]
[PlyCount "45"]
[EventDate "2012.03.24"]
[EventType "swiss"]
[EventRounds "9"]
[EventCountry "RUS"]
[SourceTitle "EXT 2014"]
[Source "ChessBase"]
[SourceDate "2013.11.20"]
[SourceVersion "1"]
[SourceVersionDate "2013.11.20"]
[SourceQuality "1"]

1. d4 Nf6 2. c4 g6 3. Nc3 Bg7 4. e4 d6 5. f3 0-0 6. Be3 Nc6 7. Nge2 a6 8. Qd2 Rb8 9. Bh6 Bxh6 10. Qxh6 b5 11. h4 e5 12. 0-0-0 bxc4 13. h5 Qe7 14. g4 Bxg4 15. Nf4 exf4 16. fxg4 d5 17. e5 Nxe5 18. dxe5 Qxe5 19. hxg6 fxg6 20. Rxd5 Qe3+ 21. Kc2 Rf7 22. Bxc4 Qf2+ 23. Rd2 1-0

[Event "Ulstudents-ch op"]
[Site "Russia"]
[Date "2012.03.31"]
[Round "4"]
[White "Pirogov, Vyatchslav"]
[Black "Olisov, Andrey"]
[Result "0-1"]
[WhiteElo "2375"]
[BlackElo "2175"]
[PlyCount "92"]
[EventDate "2012.03.24"]
[EventType "swiss"]
[EventRounds "9"]
[EventCountry "RUS"]
[SourceTitle "EXT 2014"]
[Source "ChessBase"]
[SourceDate "2013.11.20"]
[SourceVersion "1"]
[SourceVersionDate "2013.11.20"]
[SourceQuality "1"]

1. Nf3 Nf6 2. d4 g6 3. Bf4 Bg7 4. h3 c5 5. e3 Qb6 6. Nc3 0-0 7. Qd2 cxd4 8. exd4 Qxb2 9. Rb1 Qa3 10. Bc4 Qa5 11. 0-0 Qd8 12. Rfe1 d5 13. Nb5 dxc4 14. Nc7 Na6 15. Nxa8 Be6 16. Rxe6 fxe6 17. Qe2 Qd7 18. Ng5 Nd5 19. Bg3 Rxa8 20. Rxb7 Qc6 21. Qg4 Bf6 22. Rb1 Nac7 23. Re1 Kg7 24. h4 h6 25. Nxe6+ Nxe6 26. Rxe6 Qe8 27. h5 Rd8 28. Be5 Qf7 29. Ra6 g5 30. Qe2 Rd7 31. g3 Nb6 32. Ra5 e6 33. Rc5 Bxe5 34. Qxe5+ Qf6 35. Qe4 Rxd4 36. Rc7+ Rd7 37. Rxd7+ Nxd7 38. Qxc4 Qa1+ 39. Kh2 Qd1 40. Qxe6 Qxh5+ 41. Kg2 Qf7 42. Qc6 Nf6 43. c4 Qd7 44. Qc5 Qb7+ 45. Kh2 Kg6 46. a4 Qb6 0-1

[Event "Ulstudents-ch op"]
[Site "Russia"]
[Date "2012.03.25"]
[Round "3"]
[White "Olisov, Andrey"]
[Black "Dobrocmyslov, Artem"]
[Result "1-0"]
[WhiteElo "2175"]
[BlackElo "1769"]
[PlyCount "46"]
[EventDate "2012.03.24"]
[EventType "swiss"]
[EventRounds "9"]
[EventCountry "RUS"]
[SourceTitle "EXT 2014"]
[Source "ChessBase"]
[SourceDate "2013.11.20"]
[SourceVersion "1"]
[SourceVersionDate "2013.11.20"]
[SourceQuality "1"]

1. b3 e5 2. Bb2 Nc6 3. e3 Nf6 4. Bb5 d6 5. Ne2 Bd7 6. d4 Qe7 7. d5 Nb8 8. Bxd7+ Nbxd7 9. Nbc3 g6 10. Qd2 Bg7 11. f3 0-0 12. 0-0 a5 13. a4 Nc5 14. g4 e4 15. g5 Nfd7 16. f4 Nb6 17. h4 Rad8 18. Nd4 Qd7 19. h5 c6 20. dxc6 bxc6 21. Qh2 Bh8 22. hxg6 fxg6 23. Nxc6 Rde8 1-0

[Event "Uljanovsk Volga op"]
[Site "Uljanovsk"]
[Date "2011.01.05"]
[Round "6"]
[White "Abramov, Pavel"]
[Black "Olisov, Andrey"]
[Result "0-1"]
[WhiteElo "2089"]
[BlackElo "2157"]
[PlyCount "80"]
[EventDate "2011.01.03"]
[EventType "swiss"]
[EventRounds "9"]
[EventCountry "RUS"]
[SourceTitle "CBM 140 Extra"]
[Source "ChessBase"]
[SourceDate "2011.03.01"]
[SourceVersion "1"]
[SourceVersionDate "2011.03.01"]
[SourceQuality "1"]

1. Nf3 Nf6 2. d4 g6 3. c4 Bg7 4. Nc3 0-0 5. e4 d6 6. Be2 Nbd7 7. 0-0 e5 8. Be3 Qe7 9. d5 h6 10. Ne1 Ne8 11. b4 f5 12. f3 f4 13. Bf2 g5 14. Nd3 Rf6 15. Qc2 Rg6 16. Rfc1 Ndf6 17. h3 h5 18. Kf1 g4 19. hxg4 hxg4 20. Ke1 Nh7 21. Kd2 Bf6 22. Rh1 a5 23. bxa5 Rxa5 24. Nc1 Ra8 25. Nb3 b6 26. a4 gxf3 27. gxf3 Ng5 28. Qd1 Nh3 29. Qf1 Bh4 30. Bxh4 Qxh4 31. Rh2 Nf6 32. Rg2 Rg3 33. Qh1 Qg5 34. Rh2 Kf7 35. Nb5 Nxe4+ 36. Kc2 Nef2 37. Qe1 Bf5+ 38. Kb2 Rg1 39. Qxg1 Nxg1 40. Rxf2 Qg3 0-1

[Event "Uljanovsk Volga op"]
[Site "Uljanovsk"]
[Date "2011.01.04"]
[Round "4"]
[White "Nogerbekov, Vladimir"]
[Black "Olisov, Andrey"]
[Result "0-1"]
[WhiteElo "2062"]
[BlackElo "2157"]
[PlyCount "74"]
[EventDate "2011.01.03"]
[EventType "swiss"]
[EventRounds "9"]
[EventCountry "RUS"]
[SourceTitle "CBM 140 Extra"]
[Source "ChessBase"]
[SourceDate "2011.03.01"]
[SourceVersion "1"]
[SourceVersionDate "2011.03.01"]
[SourceQuality "1"]

1. Nf3 Nf6 2. d4 g6 3. g3 Bg7 4. Bg2 0-0 5. 0-0 d6 6. c4 Nc6 7. Nc3 a6 8. h3 Rb8 9. a4 Na5 10. b3 c6 11. Bd2 Nd7 12. Qc2 Re8 13. Rfd1 c5 14. dxc5 dxc5 15. Bf4 e5 16. Bg5 f6 17. Be3 Bf8 18. Nh4 Kg7 19. f4 Nc6 20. fxe5 fxe5 21. Be4 Nd4 22. Qb2 Qb6 23. Rab1 Nf6 24. Bg2 Be6 25. Nf3 Bf5 26. Ra1 Qxb3 27. Qxb3 Nxb3 28. Ra3 Nd4 29. g4 Nc2 30. Bc1 Nxa3 31. Bxa3 Bc2 32. g5 Nh5 33. Rc1 Bf5 34. Nd5 Nf4 35. Bf1 Nxd5 36. cxd5 Be4 37. Bxc5 Bxd5 0-1

[Event "Dimitrovgrad Teenagers op"]
[Site "Dimitrovgrad"]
[Date "2010.08.21"]
[Round "5"]
[White "Olisov, Andrey"]
[Black "Mirzaev, Aziz"]
[Result "1-0"]
[WhiteElo "2151"]
[BlackElo "1964"]
[PlyCount "78"]
[EventDate "2010.08.18"]
[EventType "swiss"]
[EventRounds "7"]
[EventCountry "RUS"]
[SourceTitle "CBM 138 Extra"]
[Source "ChessBase"]
[SourceDate "2010.10.29"]
[SourceVersion "1"]
[SourceVersionDate "2010.10.29"]
[SourceQuality "1"]

1. Nf3 Nf6 2. c4 c5 3. g3 g6 4. Bg2 Bg7 5. 0-0 0-0 6. Nc3 d5 7. cxd5 Nxd5 8. Nxd5 Qxd5 9. d3 Nc6 10. Nd2 Qe6 11. a3 b6 12. Rb1 Bb7 13. b4 cxb4 14. axb4 Rab8 15. Bb2 Ne5 16. Bxe5 Bxe5 17. Bxb7 Rxb7 18. b5 Rc8 19. e3 Bg7 20. d4 Qd5 21. Qb3 e6 22. Qxd5 exd5 23. Rb2 f5 24. h4 h5 25. Ra1 Re7 26. Nf3 Rcc7 27. Ne1 Kf7 28. Kg2 Bf6 29. Nd3 Red7 30. Ra6 Kf8 31. Kh3 Kf7 32. Nb4 Be7 33. Nc6 Bd6 34. Rba2 Ke8 35. Kg2 Kf8 36. Kf3 Kf7 37. Nxa7 Ke6 38. Nc6 Rb7 39. Ra8 Kf7 1-0

[Event "Uljanovsk op"]
[Site "Uljanovsk"]
[Date "2010.01.04"]
[Round "1"]
[White "Chepenko, Anton"]
[Black "Olisov, Andrey"]
[Result "0-1"]
[WhiteElo "1821"]
[BlackElo "2150"]
[PlyCount "106"]
[EventDate "2010.01.04"]
[EventType "swiss"]
[EventRounds "9"]
[EventCountry "RUS"]
[SourceTitle "CBM 134 Extra"]
[Source "ChessBase"]
[SourceDate "2010.03.03"]
[SourceVersion "1"]
[SourceVersionDate "2010.03.03"]
[SourceQuality "1"]

1. e4 e6 2. d4 d5 3. Nc3 Nf6 4. Bg5 Be7 5. e5 Nfd7 6. Bxe7 Qxe7 7. f4 0-0 8. Nf3 c5 9. Qd2 Nc6 10. dxc5 Qxc5 11. 0-0-0 Rb8 12. h4 b5 13. Ne2 Nb6 14. Kb1 Nc4 15. Qd3 Nb4 16. Qc3 Rb6 17. Nfd4 Nxa2 18. Kxa2 b4 19. Nb3 Ra6+ 20. Kb1 bxc3 21. Nxc5 Nd2+ 22. Rxd2 cxd2 23. Nc3 Rc6 24. N5a4 d4 25. Nd1 Rc7 26. b3 Bb7 27. Bd3 Bxg2 28. Rh2 Bd5 29. Rxd2 f6 30. Nab2 fxe5 31. fxe5 Rf4 32. h5 Rh4 33. Bc4 Rxh5 34. Bxd5 exd5 35. Nd3 Rh1 36. Kb2 h5 37. Nf4 Re7 38. Nxd5 Rxe5 39. Rxd4 g5 40. N1e3 g4 41. Nxg4 hxg4 42. Rxg4+ Kf7 43. Nb4 a5 44. Nc6 Rc5 45. Rc4 Rb5 46. Ra4 Rhh5 47. c4 Rbg5 48. Ka3 Ke8 49. Nd4 Rg1 50. Nc2 Rh2 51. Rxa5 Rxc2 52. Kb4 Rg3 53. c5 Rcc3 0-1

[Event "Uljanovsk op"]
[Site "Uljanovsk"]
[Date "2009.08.26"]
[Round "2"]
[White "Mironov, Vitaly Viktorovich"]
[Black "Olisov, Andrey"]
[Result "1/2-1/2"]
[WhiteElo "2171"]
[BlackElo "2104"]
[PlyCount "51"]
[EventDate "2009.08.26"]
[EventType "swiss"]
[EventRounds "9"]
[EventCountry "RUS"]
[SourceTitle "CBM 132 Extra"]
[Source "ChessBase"]
[SourceDate "2009.11.03"]
[SourceVersion "1"]
[SourceVersionDate "2009.11.03"]
[SourceQuality "1"]

1. d4 d5 2. c4 Nc6 3. Nf3 Bg4 4. e3 e5 5. dxe5 Nxe5 6. cxd5 c6 7. Be2 Bxf3 8. Bxf3 Nxf3+ 9. Qxf3 Qxd5 10. Qxd5 cxd5 11. Nc3 Nf6 12. 0-0 Bb4 13. Bd2 Ke7 14. Rac1 Rac8 15. a3 Bd6 16. Nb5 Ne4 17. Nxd6 Kxd6 18. Bb4+ Ke6 19. f3 Nd6 20. Bxd6 Kxd6 21. Rfd1 Rc6 22. Rxc6+ bxc6 23. e4 Rb8 24. b4 a5 25. exd5 cxd5 26. Rb1 1/2-1/2

[Event "Dimitrovgrad Teenagers op"]
[Site "Dimitrovgrad"]
[Date "2009.08.23"]
[Round "8"]
[White "Mirzaev, Aziz"]
[Black "Olisov, Andrey"]
[Result "1/2-1/2"]
[WhiteElo "1873"]
[BlackElo "2104"]
[PlyCount "54"]
[EventDate "2009.08.19"]
[EventType "swiss"]
[EventRounds "9"]
[EventCountry "RUS"]
[SourceTitle "EXT 2017"]
[Source "ChessBase"]
[SourceDate "2016.10.25"]
[SourceVersion "1"]
[SourceVersionDate "2016.10.25"]
[SourceQuality "1"]

1. b3 d6 2. Bb2 e5 3. g3 g6 4. Bg2 Bg7 5. e3 Nd7 6. c4 Ngf6 7. Ne2 0-0 8. 0-0 Re8 9. d3 Nf8 10. e4 c6 11. Nbc3 Ne6 12. Qd2 h5 13. b4 Ng4 14. b5 Bh6 15. Qc2 h4 16. h3 Nf6 17. g4 Bf4 18. bxc6 bxc6 19. Nxf4 Nxf4 20. Ne2 Nxe2+ 21. Qxe2 g5 22. Qd2 Nd7 23. Bc3 c5 24. Rab1 Nf8 25. Rb2 Ne6 26. Rfb1 Qd7 27. Qc2 Qc6 1/2-1/2